|
|
|
|
| LEADER |
00000cam a2900000 4500 |
| 001 |
000008331 |
| 005 |
20161213132400.0 |
| 008 |
120712s1993 ag 000 0 spa d |
| 020 |
|
|
|a 0201625644
|
| 040 |
|
|
|a MX-MxUAM
|
| 041 |
1 |
|
|a spa
|h eng
|
| 050 |
|
4 |
|a QA305
|b M3.728
|
| 090 |
|
|
|a QA305
|b M3.728
|
| 100 |
1 |
|
|a Marsden, Jerrold E
|
| 245 |
1 |
0 |
|a Cálculo vectorial :
|b problemas resueltos /
|c preparado por Karen Pao.
|
| 260 |
|
|
|a Wilmington, Del. :
|b Addison-Wesley,
|c 1993.
|
| 300 |
|
|
|a 222 p. :
|b il. ;
|c 24 cm.
|
| 500 |
|
|
|a Traducción de: Study guide for vector calculus. 3a. ed. -- W. H. Freeman, 1988.
|
| 650 |
|
4 |
|a Análisis vectorial
|x Problemas, ejercicios, etc
|
| 650 |
|
4 |
|a Cálculo
|x Problemas, ejercicios, etc
|
| 700 |
1 |
|
|a Soon, Frederick,
|e prep
|
| 700 |
1 |
|
|a Tromba, Anthony J.,
|e coau
|
| 700 |
1 |
|
|a Pao, Karen,
|e prep
|
| 700 |
1 |
|
|a Hernández García, Constancio,
|e tr
|
| 905 |
|
|
|a LIBROS
|
| 902 |
|
|
|a Rosa Maria Guevara H.
|
| 949 |
|
|
|a Biblioteca UAM Iztapalapa
|b Colección General
|c QA305 M3.728
|